Pacific Ocean Countries and Territories by Flag - Statistics

General Stats
  • This quiz has been taken 263 times
  • The average score is 51 of 57
Answer Stats
Picture Hint Answer % Correct
Mainland Country Argentina
97%
Mainland Country Australia
97%
Mainland Country United States
97%
Mainland Country Canada
96%
Mainland Country Chile
96%
Mainland Country China
96%
Island Country Fiji
96%
Island Country New Zealand
96%
U.S. Territory American Samoa
95%
Island Country F. S. Micronesia
95%
Island Country Japan
95%
Mainland Country Mexico
95%
Mainland Country Colombia
94%
Mainland/Island Country Malaysia
94%
Mainland Country South Korea
94%
Island Country Tonga
94%
Mainland Country Cambodia
93%
Mainland Country Ecuador
93%
Island Country Kiribati
93%
Mainland Country Nicaragua
93%
Mainland Country North Korea
93%
Island Country Palau
93%
Island Country Papua New Guinea
93%
Island Country Philippines
93%
Island Country Samoa
93%
Island Country Brunei
92%
Island Country East Timor
92%
U.S. Territory Guam
92%
Mainland Country Guatemala
92%
Island Country Indonesia
92%
Island Country Marshall Islands
92%
Mainland Country Panama
92%
Mainland Country Peru
92%
Mainland Country Russia
92%
Island Country Singapore
92%
Island Country Taiwan
92%
Mainland Country Thailand
92%
Mainland Country El Salvador
91%
Island Country Solomon Islands
91%
Island Country Tuvalu
91%
Island Country Vanuatu
91%
Mainland Country Vietnam
91%
Mainland Country Costa Rica
90%
Mainland Country Honduras
90%
Island Country Nauru
90%
U.S. State Hawaii
89%
Island Country in Free Association with New Zealand Cook Islands
84%
French Overseas Collectivity French Polynesia
82%
Chilean Special Territory and Non-contiguous Province Easter Island
81%
Ecuadorian Special Territory and Non-contiguous Province Galápagos Islands
78%
Island Country in Free Association with New Zealand Niue
78%
Australian External Territory Norfolk Island
73%
French Special Collectivity New Caledonia
69%
U.S. Territory Northern Mariana Islands
68%
British Overseas Territory Pitcairn Islands
66%
New Zealand Dependency Tokelau
66%
French Overseas Collectivity Wallis and Futuna
62%
No matching quizzes found
Score Distribution
Percent of People with Each Score
Percentile by Number Answered
Your Score History
You have not taken this quiz